000 00400nam a2200145Ia 4500
008 240729s9999 xx 000 0 und d
022 _a1681-715X
245 0 _aPakistan Journal of Medical Sciences
260 _aPakistan
260 _bProfessional Medical Publications
650 _aMedicine
856 _uhttps://doaj.org/toc/9f9a6a0a89504211b27f56bce518854d
942 _2ddc
942 _cDOAJEJ
999 _c69943
_d69943
945 _a1
_bMadushi Gamage
_c1
_dMadushi Gamage